01226nam a2200325 a 4500001001200000003000800012006001900020007001500039008004100054010001700095020004400112020004100156040002100197035002100218050002500239100002100264245007800285260005800363300001000421490002800431504004100459533015200500600001500652650001500667655002900682710001700711830002900728856012600757999001700883ebr10223840CaPaEBRm u cr cn|||||||||090312s2008 wiu sb 000 0deng d z 2008000291 z9780874621754 (clothbound : alk. paper) z0874621755 (clothbound : alk. paper) aCaPaEBRcCaPaEBR a(OCoLC)60985326514aB491.I55bB87 2008eb1 aBurnyeat, Myles.10aAristotle's divine intellecth[electronic resource] /cMyles F. Burnyeat. aMilwaukee, Wis. :bMarquette University Press,c2008. a63 p.1 aAquinas lecture ;v2008 aIncludes bibliographical references. aElectronic reproduction.bPalo Alto, Calif. :cebrary,d2013.nAvailable via World Wide Web.nAccess may be limited to ebrary affiliated libraries.00aAristotle. 0aIntellect. 7aElectronic books.2local2 aebrary, Inc. 0aAquinas lecture ;v2008.40uhttp://site.ebrary.com/lib/rucke/Doc?id=10223840zAn electronic book accessible through the World Wide Web; click to view c40003d40003